Cargando...

Subodhini Book 2. Vyavaharadhyazya ed by J R Gharpure /

Detalles Bibliográficos
Autor principal: Visvesvara
Lenguaje:Undetermined
LEADER 00397nam a2200109Ia 4500
001 71446
008 170722s9999 xx 000 0 und d
100 |a Visvesvara 
245 |a Subodhini Book 2. Vyavaharadhyazya ed by J R Gharpure / 
942 |c GEN 
999 |c 35676  |d 35676 
952 |0 0  |1 0  |4 0  |6 Q_24X211_15E4_2_000000000000000  |7 0  |8 CR  |9 46535  |a LIB  |b LIB  |d 2017-08-12  |h CR  |o Q2:4x2,1,1 15E4.2  |p 26823  |r 2017-08-12  |w 2017-08-12  |y GEN